01139nam a2200265 i 4500001000700000003000900007005001700016007000300033008004100036130003300077245011200110260003100222300002600253490006400279490003500343500004600378546008600424700003700510700003800547830007200585830004300657852002700700999001900727952012700746189767ES-MaACL20230906223541.0t|191017s1974 sp ||||1| spa d0 aMe-am loez. pEster.916853510aMe'am lo'ez, Ester / cde Rafael Hiyah ; instroducción, notas y apéndices por Pascual Pascual Recuero. aMadrid : bGredos, c1974. a490, 49 p. ; c25 cm.1 aMe'am lo'ez : el gran comentario bíblico sefardí ; v131 aBiblioteca universal sefardí aPublicaciones del Instituto Ibn Tibbón. aTexto en ladino y traducción al español; introducción y notas en español.1 aPascual Recuero, Pascual.9893951 aPontremoli, Raphael Hiya.91685360 aMe'am lo'ez : el gran comentario bíblico sefardí ; v1391934040 aBiblioteca universal sefardí9193405 aES-MaACLjP-1010-Bis-4 c189767d189767 00104070aATENEOMbATENEOMcDEPO2d2019-10-17eSCl0oP-1010-Bis-4p1201205r2023-02-23 00:00:00w2023-02-23yMONOGRAFIA